Worried Arthur: the birthday party / (Record no. 102506)
[ view plain ]
| 000 -LEADER | |
|---|---|
| fixed length control field | 00641nam a2200181 a 4500 |
| 005 - DATE AND TIME OF LATEST TRANSACTION | |
| control field | 20140412111237.0 |
| 008 - FIXED-LENGTH DATA ELEMENTS--GENERAL INFORMATION | |
| fixed length control field | 010710s19uu xx 00 eng d |
| 020 ## - INTERNATIONAL STANDARD BOOK NUMBER | |
| International Standard Book Number | 0-7214-9656-3 |
| 050 ## - LIBRARY OF CONGRESS CALL NUMBER | |
| Classification number | TR(PS E |
| Item number | Wo89 1995 |
| 100 ## - MAIN ENTRY--PERSONAL NAME | |
| Personal name | Stimson, Joan |
| 245 ## - TITLE STATEMENT | |
| Title | Worried Arthur: the birthday party / |
| Statement of responsibility, etc | written by Joan Stimson; illustrated by Jan Lewis. |
| 260 ## - PUBLICATION, DISTRIBUTION, ETC. (IMPRINT) | |
| Place of publication, distribution, etc | Leicestershire, UK : |
| Name of publisher, distributor, etc | Ladybird Books Ltd, |
| Date of publication, distribution, etc | 1995. |
| 300 ## - PHYSICAL DESCRIPTION | |
| Extent | 1v. (unp.) ; ill. |
| 520 ## - SUMMARY, ETC. | |
| Summary, etc | Arthur is a penguin and a worrier. One morning he wakes up feeling excited and worried all at once. |
| 650 ## - SUBJECT ADDED ENTRY--TOPICAL TERM | |
| Topical term or geographic name as entry element | Parties-Fiction |
| 650 ## - SUBJECT ADDED ENTRY--TOPICAL TERM | |
| Topical term or geographic name as entry element | Parties-Stories |
| Withdrawn status | Lost status | Damaged status | Use restrictions | Home library | Current library | Shelving location | Date acquired | Source of acquisition | Total Checkouts | Full call number | Barcode | Date last seen | Price effective from | Koha item type |
|---|---|---|---|---|---|---|---|---|---|---|---|---|---|---|
| Elizalde Library | Elizalde Library | Teachers Reference Section | 07/10/2001 | TR(PS E Wo89 1995 | E1917 | 04/12/2014 | 04/12/2014 | Books |